Statistics for Batman Villains

Click here to take the quiz!

General Stats

  • This quiz has been taken 61 times
  • The average score is 27 of 51

Answer Stats

HintNameAnswer% Correct
Clown like appearance, one of the most known villains, fell into bat of acid.Jack NapierJoker
100%
Has a bird like appearance, and runs the iceberg lounge, major crime boss in gotham city.Oswald Cobblepotpenguin
100%
Commits crimes to fulfill compulsion of leaving clues in the form of riddles to get himself caught.Edward NigmaRiddler
98%
Uses a whip, is often considered an anti hero, had multiple relationships and a child with batman in alternate timelines.Selina Kylecatwoman
96%
Female sociopathic villain, fell in love with number 1, former physiatrist for Arkham Asylum.Harleen QuinzelHarley Quinn
96%
Uses a drug called venom to enhance size/super strength, "Broke the Bat"Eduardo DorranceBane
94%
Fell in love with the above, specializes in eco-terrorist criminal activitiesPamela IsleyPoison Ivy
94%
Has dual personalities which cause him to commit crimes along with one half of his face being disintegrated, former district attorney.Harvey denttwo-face
94%
Specializes in the nature of fear, uses toxin to cause others to see their worst fears.Jonathan Cranescarecrow
92%
Has a crocodile like appearance, along with enhanced strength and other minor abilities.Waylon Joneskillercroc
86%
Many centuries old, uses lazarus pit to revive himselfDemons head (nickname)ra's al ghul
84%
Former robin who was beaten to death by the joker, and wants to show batman how his ways of protecting Gotham don't work anymore.Jason Toddredhood
84%
Master assassin who is said to never miss a shot, went to prison to protect his child.Floyd Lawtondeadshot
78%
Villain who is obsessed with Alice and Wonderland, and is an expert in mind control technologyJervis Tetchmadhatter
72%
Daughter of the demons head, has a son with bruce wayne who is now a robin.N/ATalia al ghul
72%
Actor who went mad after one of his films was being redone and resorted to crime, later created with the power to shapeshift.Basil Karloclayface
70%
Former scientist who was experimenting on himself to gain echolocation, to cure his increasing deafness. Serum had unforeseen side-affects that caused him to become a villain.Dr. Kirk Langstrommanbat
70%
Mercenary and assassin for hire, with the abilities of super endurance, super strength, super speed, etc. Often times is known to clash with the demons head,Slade Wilsondeathstroke
68%
Orphan who is an extreme pyromaniac,uses a fireproof suit and flamethrower.Garfield Lynnsfirefly
68%
Major crime boss in Gotham, has a rivalship with many villians, works often with villain above and black canary.Roman SionisBlackmask
64%
Former brilliant surgeon and former friend of Bruce Wayne, who he now targets.Thomas ElliotHush
62%
Former doctor at Arkham asylum, obsessed with doing experiments on the insane causing them to become mindless monsters, deducted Batman's identity.N/AHugo Strange
60%
Gotham city merchant who was murdered and thrown into a slaughter swamp, came back to life becoming a mindless brute.Cyrus GoldSolomon Grundy
60%
Cuts a tally mark into his skin for every one of his victims, major hitman, master with weapons.N/Avictor zsasz
58%
Obsessed with committing crimes that correspond to specific holidays, dates, etc.Julian Daycalendar man
56%
Minor criminal who is attracted to light and often a fough of the Titans.Drury WalkerKiller moth
54%
Former scientist specializing in cryogenics, was trying to save his wife and created a freeze gun while also committing multiple crimes.Victor FriesMister Freeze
52%
Earth-3 counterpart of Bruce wayne, member of the Crime Syndicate of America.Earth 3 - Bruce WayneOwlman
44%
Small ventriloquist with D.O.D (dissociative identity disorder), who projects a criminal personality through his "gangster" puppet, scarface.Arnold WeskerThe Ventriloquist
44%
Uses kite based weapons and glides on a abnormally large kite attached to his back.Charles "Chuck" BrownKiteman
42%
Obsessive perfectionists who sees humans as broken, often times is known to kidnap and chemically alter people turning him to what he calls dollotrons.Lazlo ValentinProfessor Pyg
42%
Has the ability to communicate and train with rats. He uses them to attempt takeovers of Gotham cityOtis Flanneganratcatcher
40%
World famous trapper of jungle cats who turned to crime.Thomas Blakecatman
38%
Creator of the Suicide Squad an head of cadmus labs who often runs into contact with the bat.N/AAmanda Waller
36%
Has an obsession with torturing and butchering people, turning them to mind controlled dolls.Francis DulmacherDollmaker
32%
Man who is with murdering criminals using electricity, started off as a vigilante, but eventually became a mercenary.Lester BuchinskyThe electrocutioner
32%
Ex-KGB assassin, one of the villains killed by tally.Anatoli KnyazevKG beast
30%
Former history teacher who lost is mind believing he was a greek god.N/AMaxie Zeus
30%
Highly intelligent criminal who wears a costume that looks like an oversized calculator.Noah KuttlerCalculator
28%
A failed game-show host, who became a criminal that leaves clues that lead to his crimes. Also the father of Stephanie Brown or spoiler.Arthur browncluemaster
28%
An agent of the court of owls, who manipulated Damian Wayne's robin, to rat out Bruce as Batman and assist in killing him.William CobbTalon
28%
Sometimes known as moneyspider is a teenager prodigy that creates improvised gadgets to subvert governments, his violence and political "opinions" are what put him head to head with the bat.Lonnie MachinAnarky
26%
Former man who dressed in a snake costume committing crimes, but after selling his soul he became a dangerous human - snake hybrid.John Doecopperhead
26%
Former crooked investigator who thought he scored a legal victory using the insanity plea, but instead became one of batman's foes.Warren WhiteGreat White shark
22%
Is obsessed with making dangerous "toys" that include items like bombs.Winslow Shotttoyman
20%
Daughter of the above who fell into her mother and fathers footsteps working with the league of shadows, had a child with Will Harper.Jade NguyenCheshire
18%
Master contortionist and hypnotist, who is now an inmate on arkham asylum.Peter MerkelRag doll
14%
Evil artificial intelligence created by Bruce wayne/BatmanN/ABrother eye
12%
The original tigress who at the time was a villain, having two children with sportsmaster, who are Jade and Artemis Crock.Paula Brookshuntress
8%
Has a major obsession with the joker, and has claimed to be daughters of many batman villains.N/ADuela Dent
6%
Serial killer who targets non powered vigilante heroes, and is known for imitating noises around his environment. He is also a super athlete.N/Aonomatopoeia
6%

Score Distribution

Percentile by Number Answered

Percent of People with Each Score

Your Score History

You have not taken this quiz